Intenzifikácia prestupu tepla v odparke so stekajúcim filmom

Guardado en:
Detalles Bibliográficos
Autor principal: Porubský, Daniel
Formato: Software Libro
Lenguaje:eslovaco
Publicado: Bratislava STU FCHPT 2011
Acceso en línea:Ver en el OPAC
Etiquetas: Agregar Etiqueta
Sin Etiquetas, Sea el primero en etiquetar este registro!

MARC

LEADER 00000nam a2200000 a 4500
005 20260127134255.0
007 co ugu macba
008 111118 2011 xo 000 0 slo d
035 |a vtls010324788 
039 9 |y 201111181039  |z mschk03 
040 |a STUSCHK1  |b slo  |c STUSCHK1  |e AACR2 
100 1 |a Porubský, Daniel 
245 1 |a Intenzifikácia prestupu tepla v odparke so stekajúcim filmom  |c Daniel Porubský 
260 |a Bratislava  |b STU FCHPT  |c 2011 
300 |a 1 elektronický disk 
500 |a Obháj.: 30.8,2011 
500 |a Študijný program: chemické inžinierstvo 
500 |a Dilomová práca na CD-ROMe 
500 |a Ústav chemického a environmentálneho inžinierstva, odd. chemického a biochemického inžinierstva 
500 |a Študijný odbor: 5.2.17 chemické inžinierstvo 
910 |a SCHK95 
999 |c 8464  |d 8464